Światowe rekordy - Statystyki

Ogólne statystyki
  • Ten quiz został rozwiązany 34 razy
  • Średni wynik to 9 z 21
Statystyki odpowiedzi
Rekord Odpowiedź % Poprawnych
Najniższa temperatura na świecie (kontynent) Antarktyda
87%
Najwyższy szczyt na świecie Mount Everest
83%
W jakim kraju jest najwięcej McDonald'ów USA
83%
Najbliższa planeta Ziemi Mars
74%
Największa planeta Układu Słonecznego Jowisz
70%
Najliczniejsza religia świata Islam
65%
Najgłębszy rów oceaniczny na świecie Rów Mariański
65%
Gdzie jest najwięcej Polaków poza Polską? USA
61%
W jakim kraju ludzie żyją najdłużej Japonia
57%
Największy park narodowy na świecie Yellowstone
52%
Jaki jest najszczęśliwszy kraj na świecie Finlandia
43%
W jakim kraju europejskim jest największe PKB na osobę Luksemburg
26%
Najstarsze miasto świata (ciągle zamieszkane) Damaszek
22%
W jakim kraju jest najwięcej wulkanów Indonezja
17%
W jakim kraju jest najwięcej samobójstw Japonia
17%
Najwyższa temperatura na ziemi (państwo) Libia
13%
Jaki kraj jest najbardziej chrześcijański Brazylia
9%
Najwyższe średnie wieloletnie sumy opadów (kraj) Indie
9%
W jakim kraju jest najwięcej kotów Rosja
9%
Najniższe średnie wieloletnie sumy opadów (kraj) Chile
4%
Jaki jest najbardziej wierzący kraj na świecie Tajlandia
0%
Nie znaleziono quizów pasujących do podanych kryteriów
Rozkład punktacji
Procent ludzi z każdym wynikiem
Percentyl według liczby udzielonych odpowiedzi
Twoja historia wyników
Nie rozwiązałeś tego quizu